| 000 | 00703nam a22002417c 4500 | ||
|---|---|---|---|
| 001 | 000030703 | ||
| 003 | RuMoIPM | ||
| 005 | 20260601115330.0 | ||
| 008 | 240221b1972 ru ||||| |||| 00| 0 rus d | ||
| 035 | _a(RuMoBEN) 002231145 | ||
| 040 |
_aRuMoBEN _brus _ercr |
||
| 041 | _arus | ||
| 044 | _aru | ||
| 080 | _a511.5(0.062) | ||
| 080 | _a511.4(0.062) | ||
| 080 | _a51(092) | ||
| 100 | _aБашмакова, Изабелла Григорьевна | ||
| 245 |
_aДиофант и диофантовы уравнения _cИ. Г. Башмакова |
||
| 260 |
_aМосква _bНаука _c1972 |
||
| 300 |
_a66, [2] с. _bил. |
||
| 504 | _aБиблиогр. в конце кн. | ||
| 942 | _cBK | ||
| 999 |
_c30703 _d30703 |
||